Datum a čas kvízu
21
Celkem bodů
Celkový počet nahraných bodů na tomto kvízu bez doplňovacích otázek.
4.
Pořadí na kvízu
Konečné umístění týmu na tomto kvízu.
Zaznamenané odpovědi
| # | Otázka | Odpověď | Body | Výsledky |
|---|---|---|---|---|
| 1. | Motorkáři z Ruska dorazili v p... | 0 | ||
| 2. | Polská policie musela ve střed... | 1 | ||
| 3. | Ještě nikdy ve své historii ne... | 0 | ||
| 4. | Slovensko na Den vítězství zač... | 0 | ||
| 5. | Jak se jmenuje tým, který vyřa... | 1 | ||
| 6. | Také se Vám někdy stane, že v... | 0 | ||
| 7. | Napište slovo s českým slovním... | 0 | ||
| 8. | V zimě často slyšíme, že silni... | 0 | ||
| 9. | Ve filmu Tajemství hradu v Kar... | 0 | ||
| 10. | Jaký je význam slova frigidní,... | 1 |